[Event "Pan American Intercollegiate-chT"]
[Site "Princeton"]
[Date "2012.12.28"]
[Round "2"]
[White "Cornejo, Max"]
[Black "Blum, Tony"]
[Result "1-0"]
[WhiteElo "2375"]
[BlackElo "1924"]
[PlyCount "103"]
[EventDate "2012.12.27"]
[EventType "team-swiss"]
[EventRounds "6"]
[EventCountry "USA"]
[SourceTitle "CBM 152 Extra"]
[Source "ChessBase"]
[SourceDate "2013.02.25"]
[SourceVersion "1"]
[SourceVersionDate "2013.02.25"]
[SourceQuality "1"]
[WhiteTeam "Brownsville"]
[BlackTeam "Harvard"]
[WhiteTeamCountry "USA"]
[BlackTeamCountry "USA"]

1. e4 c5 2. Nf3 d6 3. c3 Nf6 4. h3 Nc6 5. Bd3 d5 6. e5 c4 7. Bc2 Ne4 8. d4 cxd3 9. Bxd3 Bf5 10. Be3 e6 11. 0-0 Be7 12. Qe2 g5 13. Nd4 Nxe5 14. Bb5+ Kf8 15. Nxf5 exf5 16. Nd2 Bf6 17. Rad1 Qc7 18. f4 Ng3 19. Qf2 Nxf1 20. Rxf1 gxf4 21. Qxf4 Qc8 22. Bd4 Rg8 23. Qxf5 Qxf5 24. Rxf5 Bg5 25. Bc5+ Be7 26. Bxe7+ Kxe7 27. Rxe5+ Kd6 28. Nf3 Rg3 29. Re2 Rag8 30. Kh2 R3g6 31. Nd4 Rf6 32. Bd3 h5 33. Nf5+ Kc5 34. Nd4 a6 35. Rd2 Rg5 36. Nf3 Rg8 37. Bc2 Re8 38. Bb3 Rf5 39. Bd1 Rg8 40. Nd4 Re5 41. Bf3 b5 42. Ne2 h4 43. Nf4 Rf5 44. Nxd5 Rfg5 45. b4+ Kd6 46. Nf6+ Ke6 47. Nxg8 Rxg8 48. c4 bxc4 49. Bd5+ Ke7 50. Bxc4 Rg6 51. Rf2 f6 52. Bxa6 1-0

[Event "Pan American Intercollegiate-chT"]
[Site "Princeton"]
[Date "2012.12.27"]
[Round "1"]
[White "Quesada, Maidelis"]
[Black "Cornejo, Max"]
[Result "0-1"]
[WhiteElo "1957"]
[BlackElo "2375"]
[PlyCount "46"]
[EventDate "2012.12.27"]
[EventType "team-swiss"]
[EventRounds "6"]
[EventCountry "USA"]
[SourceTitle "CBM 152 Extra"]
[Source "ChessBase"]
[SourceDate "2013.02.25"]
[SourceVersion "1"]
[SourceVersionDate "2013.02.25"]
[SourceQuality "1"]
[WhiteTeam "Miami Dade"]
[BlackTeam "Brownsville"]
[WhiteTeamCountry "USA"]
[BlackTeamCountry "USA"]

1. e4 c5 2. Nf3 a6 3. c3 g6 4. g3 d5 5. Bg2 d4 6. d3 Nc6 7. h3 Bg7 8. 0-0 e5 9. Na3 Nge7 10. Re1 0-0 11. Bg5 h6 12. Bd2 Be6 13. Qc1 Kh7 14. c4 f5 15. h4 fxe4 16. dxe4 Qd7 17. h5 g5 18. Bxg5 hxg5 19. Nxg5+ Kg8 20. f3 Bh6 21. Kh2 Nc8 22. f4 Bg4 23. Bh3 Bxg5 0-1